Can You Name All of George Ezra's Songs? - Statistics

General Stats
  • This quiz has been taken 424 times
  • The average score is 26 of 47
Answer Stats
Answer Album % Correct
Shotgun Staying at Tamara's
93%
Green Green Grass Gold Rush Kid
89%
Budapest Did You Hear the Rain? (EP)
88%
Budapest Wanted on Voyage (Expanded Edition)
88%
Cassy O' Cassy O' (EP)
84%
Cassy O' Wanted on Voyage (Expanded Edition)
84%
Did You Hear the Rain? Did You Hear the Rain? (EP)
79%
Did You Hear the Rain? Wanted on Voyage (Expanded Edition)
79%
Gold Rush Kid Gold Rush Kid
79%
Barcelona Wanted on Voyage (Expanded Edition)
74%
Paradise Staying at Tamara's
74%
Anyone For You (Tiger Lily) Gold Rush Kid
73%
Hold My Girl Staying at Tamara's
72%
Pretty Shining People Staying at Tamara's
72%
Blame it on Me Wanted on Voyage (Expanded Edition)
69%
Manila Gold Rush Kid
65%
Listen to the Man Wanted on Voyage (Expanded Edition)
64%
Dance All Over Me Gold Rush Kid
59%
Fell In Love At The End of the World Gold Rush Kid
55%
I Went Hunting Gold Rush Kid
55%
Get Away Staying at Tamara's
51%
Sweetest Human Being Alive Gold Rush Kid
51%
Don't Matter Now Staying at Tamara's
50%
In The Morning Gold Rush Kid
50%
Sugarcoat Staying at Tamara's
50%
Blind Man in Amsterdam Wanted on Voyage (Expanded Edition)
49%
All My Love Staying at Tamara's
48%
Drawing Board Wanted on Voyage (Expanded Edition)
46%
Song 6 Wanted on Voyage (Expanded Edition)
46%
Leaving it Up to You Wanted on Voyage (Expanded Edition)
44%
Saviour (feat. First Aid Kit) Staying at Tamara's
44%
The Beautiful Dream Staying at Tamara's
43%
The Sun Went Down Gold Rush Kid
42%
Don't Give Up Gold Rush Kid
41%
Stand by Your Gun Wanted on Voyage (Expanded Edition)
40%
Breakaway Wanted on Voyage (Expanded Edition)
38%
Da Vinci Riot Police Wanted on Voyage (Expanded Edition)
38%
Love Somebody Else Gold Rush Kid
38%
Benjamin Twine Did You Hear the Rain? (EP)
37%
Over the Creek Cassy O' (EP)
37%
Over the Creek Wanted on Voyage (Expanded Edition)
37%
Only a Human Staying at Tamara's
36%
Spectacular Rival Wanted on Voyage (Expanded Edition)
36%
Angry Hill Did You Hear the Rain? (EP)
35%
Coat of Armour Cassy O' (EP)
34%
Get Lonely with Me Cassy O' (EP)
29%
It's Just My Skin Wanted on Voyage (Expanded Edition)
29%
No matching quizzes found
Score Distribution
Percent of People with Each Score
Percentile by Number Answered
Your Score History
You have not taken this quiz